Größte Handelspartner – Kolumbien - Statistiken

Allgemein
  • Dieses Quiz wurde 34 mal gespielt
  • Das Durchschnittsergebnis liegt bei 19 aus 22
Antwortstatistiken
Exporte Importe Land % Korrekt
0.995 bil 2.12 bil Brasilien
100%
0.767 bil Kanada
100%
10.1 bil 11.9 bil Vereinigte Staaten
100%
1.21 bil 8.68 bil China
97%
0.476 bil 1.71 bil Deutschland
97%
0.829 bil Frankreich
97%
0.937 bil 3.41 bil Mexiko
97%
0.670 bil 0.721 bil Chile
94%
1.12 bil Japan
91%
1.16 bil 0.918 bil Spanien
91%
0.614 bil Venezuela
91%
0.534 bil Bolivien
88%
1.91 bil Panama
88%
1.05 bil 0.682 bil Peru
88%
0.946 bil Indien
84%
0.482 bil Vereinigtes Königreich
84%
0.889 bil Südkorea
81%
1.20 bil 0.805 bil Ecuador
78%
0.439 bil 0.762 bil Italien
78%
0.761 bil Türkei
56%
1.54 bil Niederlande
47%
0.451 bil Belgien
44%
Keine übereinstimmenden Quizze gefunden
Verteilung der Resultate
Anzahl Personen mit jedem Resultat
Perzentil nach korrekt beantworteten Fragen
Ihre Resultats-Entwicklung
Sie haben dieses Quiz noch nicht gespielt